Normal view
MARC view
Entry Personal Name
001 - CONTROL NUMBER
- control field: 22761
003 - CONTROL NUMBER IDENTIFIER
- control field: ARRUPE
005 - DATE AND TIME OF LATEST TRANSACTION
- control field: 20160307083316.0
008 - FIXED-LENGTH DATA ELEMENTS
- fixed length control field: 160307|| aca||aabn | a|a d
040 ## - CATALOGING SOURCE
- Original cataloging agency: ARRUPE
- Transcribing agency: ARRUPE
100 ## - HEADING--PERSONAL NAME
- Personal name: Lohse, Bernd
- Relator term: ed.
670 ## - SOURCE DATA FOUND
- Source citation: Work cat.: (ARRUPE)124283: Busch, Harald, 1904-, editor. 22678, Baukunst der Gotik in Europa., [1966]